Origine degli impulsi sessuali /

Saved in:
Bibliografiske detaljer
Hovedforfatter: Wilson, Colin, (1931-2013) (Author)
Andre forfattere: Sartini Mussio, Leda (Translator)
Format: Bog
Sprog:italiensk
Udgivet: Milano : Lerici, ©1964
Serier:Saggi ; 31
Fag:
Tags: Tilføj Tag
Ingen Tags, Vær først til at tagge denne postø!

MARC

LEADER 00000nam a22000007i 4500
001 IT\ICCU\RAV\0091276
003 ItRI
005 20260115232240.0
008 900219s1964 it |||||| ||||| |||||c
015 |2 IT  |a 643636 
040 |b ita  |c importazione bologna sebina 
041 7 |a ita  |2 ISO-639-2 
082 |a 155.3  |9 PSICOLOGIA DEL SESSO E DEI SESSI  |2 20 
100 1 |a Wilson, Colin,  |d  (1931-2013)  |0 IT\ICCU\RAVV\051615  |4 aut 
240 1 0 |a Origins of the sexual impulse. -  |3 IT\ICCU\RAV\0091277  |9 Wilson, Colin <1931-2013> 
245 1 0 |a Origine degli impulsi sessuali /  |c Colin Wilson ; traduzione dall'inglese di Leda Mussio Sartini. 
260 |a Milano :  |b Lerici,  |c ©1964 
300 |a 311 p. ;  |c 22 cm. 
650 7 |a Pervertimenti sessuali  |2 scbi 
700 1 |a Sartini Mussio, Leda  |0 IT\ICCU\RAVV\030126  |4 trl 
830 0 |a Saggi ;  |v 31  |0 IT\ICCU\RAV\0023178 
942 |2 ddc  |c BK  |n 0 
952 |0 0  |1 0  |4 0  |6 DOC_155_310000000000000_WIL  |7 0  |9 22889  |a BO  |b BO  |d 2026-01-15  |i 848  |l 0  |o DOC 155.31 WIL  |p BO848  |r 2026-01-15 23:22:40  |w 2026-01-15  |x [Sebina 5] [1 v.]  |y BK  |z 1 v. 
999 |c 19540  |d 19540